000 00487ngm a22001930a 4500
001 PT38522
003 AR-LpoUNG
005 20210202000522.0
007 vd cvaizq
008 191001suuuu||||ag |||||||||||||||||spa d
040 _aAR-LpoUNG
_bspa
_cAR-LpoUNG
_eaacr
041 _aspa
044 _aag
100 1 _aVallejo, Gerardo
_edir.
245 1 0 _a9 de julio de 1956 :
_bbombardeo a la Plaza de Mayo
260 _aBuenos Aires :
_bBlackman,
_cs.f.
905 _a38522
942 _cDVD
999 _c55027
_d55027